Herder utókora" a szerb és a magyar irodalomban (1-3.)
Elmentve itt :
| Szerző: | |
|---|---|
| Adatforrás: | Philobibl |
| Forrásdokumentuma: | Híd 1985.,4.sz./1986.,9.sz./10.sz., 480-493./1063-1077. /1231-1245 p. |
| Dokumentumtípus: | Cikk |
| Nyelv: | magyar |
| LEADER | 00341nab a2200097 c 4500 | ||
|---|---|---|---|
| 001 | bibDOK00022100 | ||
| 005 | 20200924121622.9 | ||
| 008 | 060518s1985 xx hun | ||
| 100 | 1 | |a Szeli István | |
| 245 | 1 | 0 | |a Herder utókora" a szerb és a magyar irodalomban (1-3.) |c Szeli István |
| 773 | 0 | |t Híd |g 1985.,4.sz./1986.,9.sz./10.sz., 480-493./1063-1077. /1231-1245 p. | |